[Event "POR-chT Blitz"]
[Site "Viseu"]
[Date "2022.06.12"]
[Round "1.3"]
[White "Rego, Pedro Filipe"]
[Black "Santos, Ricardo Alexandre L"]
[Result "1-0"]
[WhiteElo "2251"]
[BlackElo "2076"]
[PlyCount "87"]
[EventDate "2022.06.12"]
[EventType "team-swiss (blitz)"]
[EventRounds "7"]
[EventCountry "POR"]
[SourceTitle "CBM 208 Extra"]
[Source "ChessBase"]
[SourceDate "2022.07.31"]
[SourceVersion "1"]
[SourceVersionDate "2022.07.31"]
[SourceQuality "1"]
[WhiteTeam "Montemor o Novo"]
[BlackTeam "Dos Galitos"]
[WhiteTeamCountry "POR"]
[BlackTeamCountry "POR"]

1. d4 Nf6 2. Bf4 g6 3. Nc3 Bg7 4. e4 d6 5. Qd2 c6 6. f3 b5 7. 0-0-0 Qa5 8. Kb1 b4 9. Nce2 0-0 10. Nc1 c5 11. Nb3 Qb6 12. dxc5 dxc5 13. Be3 Nfd7 14. Qf2 Qf6 15. Bc1 a5 16. Nxc5 a4 17. f4 a3 18. Bc4 axb2 19. Be3 Nxc5 20. Bxc5 Qc6 21. Bd5 Qa4 22. Bxa8 Qxa8 23. Bd4 Be6 24. Kxb2 Qxa2+ 25. Kc1 Qa3+ 26. Kd2 Nc6 27. Bxg7 Rd8+ 28. Ke1 Rxd1+ 29. Kxd1 Kxg7 30. Ne2 Bc4 31. Nc1 e5 32. fxe5 Nxe5 33. Qd4 f6 34. Re1 Be6 35. Re3 Bg4+ 36. Kd2 Qa6 37. Ke1 Qb5 38. Nd3 Nxd3+ 39. Qxd3 Qc5 40. h3 Be6 41. Kf2 Bc4 42. Qd7+ Kh6 43. Qd2 g5 44. Kg1 1-0

[Event "POR-chT Blitz"]
[Site "Viseu"]
[Date "2022.06.12"]
[Round "7.7"]
[White "Santos, Ricardo Alexandre L"]
[Black "Carvalho, Vitor Hugo Pina Soa"]
[Result "1-0"]
[WhiteElo "2076"]
[BlackElo "1834"]
[PlyCount "127"]
[EventDate "2022.06.12"]
[EventType "team-swiss (blitz)"]
[EventRounds "7"]
[EventCountry "POR"]
[SourceTitle "CBM 208 Extra"]
[Source "ChessBase"]
[SourceDate "2022.07.31"]
[SourceVersion "1"]
[SourceVersionDate "2022.07.31"]
[SourceQuality "1"]
[WhiteTeam "Dos Galitos"]
[BlackTeam "Tessera"]
[WhiteTeamCountry "POR"]
[BlackTeamCountry "POR"]

1. e4 c5 2. Nf3 g6 3. d4 cxd4 4. Nxd4 Nc6 5. Bc4 Bg7 6. Be3 Nf6 7. Bb3 Nxe4 8. 0-0 0-0 9. f3 Nf6 10. c4 d5 11. Bf2 e5 12. Nb5 d4 13. Nd2 a6 14. Na3 Nb4 15. Rc1 Nd3 16. Rb1 Bf5 17. Bc2 Nxf2 18. Rxf2 d3 19. Bb3 h5 20. Rc1 Re8 21. c5 Be6 22. Nac4 Nd5 23. Nd6 Re7 24. N2e4 Ne3 25. Qxd3 Bxb3 26. Qxb3 Nf5 27. Nxf5 gxf5 28. Nd6 e4 29. Nxf5 Bd4 30. Nxd4 Qxd4 31. Rd1 Qxc5 32. fxe4 Rc8 33. Rd5 Qc1+ 34. Rf1 Qc4 35. Rd8+ Kh7 36. Rxc8 Qxc8 37. Rxf7+ Rxf7 38. Qxf7+ Kh6 39. Qf6+ Kh7 40. Qf5+ Qxf5 41. exf5 Kg7 42. h3 h4 43. Kf2 Kf6 44. Ke3 Kxf5 45. Kf3 a5 46. a4 b6 47. b3 Ke5 48. Kg4 Kd4 49. Kxh4 Kc3 50. Kg5 Kxb3 51. h4 b5 52. h5 bxa4 53. h6 a3 54. h7 Kb2 55. h8Q+ Kb1 56. Qb8+ Ka1 57. Kf4 a4 58. Ke3 a2 59. Kd3 a3 60. Qe5+ Kb1 61. Qe1+ Kb2 62. Qc3+ Kb1 63. Qc2+ Ka1 64. Qc1# 1-0

[Event "FIDE World Uni Rapid-F 1st"]
[Site "Tornelo INT"]
[Date "2021.03.21"]
[Round "11"]
[White "Mirissage, Dimuth Oshadhee"]
[Black "Santos, Ricardo Alexandre L"]
[Result "1/2-1/2"]
[WhiteElo "1690"]
[BlackElo "2121"]
[PlyCount "76"]
[EventDate "2021.03.20"]
[EventType "swiss (rapid)"]
[EventRounds "12"]
[EventCountry "NET"]
[SourceTitle "EXT 2022"]
[Source "ChessBase"]
[SourceDate "2021.10.06"]
[SourceVersion "1"]
[SourceVersionDate "2021.10.06"]
[SourceQuality "1"]

1. d4 Nf6 2. Nf3 g6 3. c4 Bg7 4. Nc3 d5 5. cxd5 Nxd5 6. e4 Nxc3 7. bxc3 0-0 8. Be2 c5 9. 0-0 Bg4 10. Be3 cxd4 11. cxd4 Nc6 12. e5 Nb4 13. a3 Nd5 14. Qb3 e6 15. h3 Bxf3 16. Bxf3 Qd7 17. Rab1 b6 18. Rfc1 Rac8 19. Bxd5 Qxd5 20. Qxd5 exd5 21. Rxc8 Rxc8 22. Rc1 Rxc1+ 23. Bxc1 b5 24. Bd2 Kf8 25. Kf1 Ke8 26. Ke2 Kd7 27. Kd3 h5 28. Kc2 Ke6 29. g4 hxg4 30. hxg4 f5 31. g5 Bf8 32. Kb3 a6 33. f4 Be7 34. Ba5 Kd7 35. Kb2 Kc6 36. Kb3 Kd7 37. Kb2 Kc6 38. Kb3 Kd7 1/2-1/2

[Event "FIDE World Uni Rapid-F 1st"]
[Site "Tornelo INT"]
[Date "2021.03.21"]
[Round "7"]
[White "Santos, Ricardo Alexandre L"]
[Black "Aagam, Aditya E"]
[Result "1/2-1/2"]
[WhiteElo "2121"]
[BlackElo "1707"]
[PlyCount "128"]
[EventDate "2021.03.20"]
[EventType "swiss (rapid)"]
[EventRounds "12"]
[EventCountry "NET"]
[SourceTitle "EXT 2022"]
[Source "ChessBase"]
[SourceDate "2021.10.06"]
[SourceVersion "1"]
[SourceVersionDate "2021.10.06"]
[SourceQuality "1"]

1. e4 e5 2. Nf3 Nc6 3. Bb5 a6 4. Ba4 Nf6 5. 0-0 Nxe4 6. d4 b5 7. Bb3 d5 8. dxe5 Be6 9. c3 Bc5 10. Nbd2 0-0 11. Bc2 Nxd2 12. Qxd2 Qe7 13. Re1 Rad8 14. a3 d4 15. Be4 dxc3 16. Qxc3 Nd4 17. Be3 Nxf3+ 18. Bxf3 Bxe3 19. Rxe3 Bd5 20. Rc1 Bxf3 21. Rxf3 h6 22. g3 Rd5 23. Qxc7 Qxe5 24. Qxe5 Rxe5 25. Rc7 Re2 26. b4 Re6 27. Ra7 f6 28. Rc3 Rd8 29. Rcc7 g5 30. Rg7+ Kh8 31. Rh7+ Kg8 32. Rxh6 Rd3 33. Rhh7 Rxa3 34. Rhb7 Kf8 35. Kg2 Ra4 36. Rb8+ Re8 37. Rb6 Rxb4 38. Rxf6+ Kg8 39. Rfxa6 g4 40. Rg6+ Kh8 41. Rag7 Rf8 42. Rxg4 Rb2 43. Kh3 Rfxf2 44. Rg8+ Kh7 45. R4g7+ Kh6 46. Kg4 Rxh2 47. Rb7 Rhg2 48. Kf5 Rgf2+ 49. Ke5 b4 50. g4 b3 51. g5+ Kh5 52. g6 Rbe2+ 53. Kd4 b2 54. g7 Rd2+ 55. Kc5 Rc2+ 56. Kd6 Rcd2+ 57. Ke7 Rfe2+ 58. Kf6 Rf2+ 59. Ke5 Rfe2+ 60. Kf4 Rf2+ 61. Ke3 Rfe2+ 62. Kf3 Rf2+ 63. Kg3 Rg2+ 64. Kf3 Rgf2+ 1/2-1/2

[Event "FIDE World Uni Rapid-F 1st"]
[Site "Tornelo INT"]
[Date "2021.03.20"]
[Round "5"]
[White "Santos, Ricardo Alexandre L"]
[Black "Bencomo, Murga Francisco"]
[Result "1-0"]
[WhiteElo "2121"]
[BlackElo "1816"]
[PlyCount "87"]
[EventDate "2021.03.20"]
[EventType "swiss (rapid)"]
[EventRounds "12"]
[EventCountry "NET"]
[SourceTitle "EXT 2022"]
[Source "ChessBase"]
[SourceDate "2021.10.06"]
[SourceVersion "1"]
[SourceVersionDate "2021.10.06"]
[SourceQuality "1"]

1. e4 c5 2. Nf3 Nc6 3. d4 cxd4 4. Nxd4 Nf6 5. Nc3 e6 6. Be3 Bb4 7. f3 d5 8. Nxc6 bxc6 9. exd5 exd5 10. Be2 Qe7 11. Bf2 Ba6 12. 0-0 Bxe2 13. Nxe2 0-0 14. c3 Ba5 15. Re1 Rfe8 16. Nd4 Qd7 17. Qa4 Bb6 18. b3 Bxd4 19. Bxd4 Rxe1+ 20. Rxe1 Re8 21. Rxe8+ Qxe8 22. Kf2 Qe6 23. Qxa7 h6 24. a4 Nh5 25. a5 Qf5 26. Qb8+ Kh7 27. Qe5 Qc2+ 28. Qe2 Qxb3 29. g3 Qa3 30. Qd3+ g6 31. Bb6 Qa2+ 32. Qe2 Qa3 33. a6 Ng7 34. a7 Ne6 35. Kg2 h5 36. h4 Kg8 37. Kh3 Kh7 38. Qd2 Qa6 39. Kg2 Kg8 40. Qb2 Qb7 41. Qa3 Qa8 42. Qd6 Qb7 43. Qb8+ Qxb8 44. axb8Q+ 1-0

[Event "FISU World University"]
[Site "Tornelo INT"]
[Date "2020.10.28"]
[Round "9.19"]
[White "Villacorta Nicolas, David"]
[Black "Santos, Ricardo Alexandre L"]
[Result "1-0"]
[WhiteElo "2153"]
[BlackElo "2113"]
[PlyCount "97"]
[EventDate "2020.10.26"]
[EventType "team-swiss (rapid)"]
[EventRounds "9"]
[EventCountry "NET"]
[SourceTitle "CBM 199 Extra"]
[Source "ChessBase"]
[SourceDate "2021.01.31"]
[SourceVersion "1"]
[SourceVersionDate "2021.01.31"]
[SourceQuality "1"]
[WhiteTeam "Spain"]
[BlackTeam "Portugal"]
[WhiteTeamCountry "ESP"]
[BlackTeamCountry "POR"]

1. e4 d6 2. d4 Nf6 3. Nc3 g6 4. Bg5 Bg7 5. e5 dxe5 6. dxe5 Qxd1+ 7. Rxd1 Ng4 8. h3 Nxe5 9. Nd5 0-0 10. Nxc7 Nbc6 11. Nxa8 Bf5 12. Nc7 Bxc2 13. Rc1 Be4 14. f3 Bd3 15. Nd5 Nd4 16. Ne2 Ndxf3+ 17. gxf3 Nxf3+ 18. Kf2 Nxg5 19. Nxe7+ Kh8 20. Rc8 Rxc8 21. Nxc8 Bf8 22. Nd4 Ne4+ 23. Ke3 Bb1 24. Rg1 f5 25. Bd3 Bh6+ 26. Ke2 Bxa2 27. Bxe4 fxe4 28. b3 Bg7 29. Ke3 Kg8 30. Nxa7 Kf7 31. Nab5 Ke7 32. Nc3 Bxd4+ 33. Kxd4 Bxb3 34. Nxe4 Be6 35. Re1 Kf8 36. Ng5 Bf5 37. h4 h6 38. Ne6+ Kf7 39. Nd8+ Kf6 40. Nxb7 g5 41. Nd6 Bh3 42. Ne4+ Kf5 43. hxg5 hxg5 44. Rg1 g4 45. Ke3 Ke5 46. Nf2 Kf5 47. Nxh3 gxh3 48. Kf3 h2 49. Rh1 1-0

[Event "FISU World University"]
[Site "Tornelo INT"]
[Date "2020.10.26"]
[Round "2.6"]
[White "Eggink, Ryszard"]
[Black "Santos, Ricardo Alexandre L"]
[Result "1-0"]
[WhiteElo "2387"]
[BlackElo "2113"]
[PlyCount "59"]
[EventDate "2020.10.26"]
[EventType "team-swiss (rapid)"]
[EventRounds "9"]
[EventCountry "NET"]
[SourceTitle "CBM 199 Extra"]
[Source "ChessBase"]
[SourceDate "2021.01.31"]
[SourceVersion "1"]
[SourceVersionDate "2021.01.31"]
[SourceQuality "1"]
[WhiteTeam "Poland"]
[BlackTeam "Portugal"]
[WhiteTeamCountry "POL"]
[BlackTeamCountry "POR"]

1. d4 Nf6 2. c4 g6 3. Nc3 d5 4. cxd5 Nxd5 5. Na4 Nb6 6. Nf3 Bg7 7. e4 0-0 8. Be3 Bg4 9. Nc3 Nc6 10. e5 Bxf3 11. gxf3 Qd7 12. Qd2 Rad8 13. 0-0-0 Qe6 14. f4 Nc4 15. Qe2 N6a5 16. d5 Qf5 17. h4 Qc8 18. h5 c6 19. hxg6 fxg6 20. Bh3 Rf5 21. dxc6 Rxd1+ 22. Rxd1 Qxc6 23. Bxf5 gxf5 24. Rd8+ Bf8 25. Qh5 Nxe3 26. fxe3 Nc4 27. Qxf5 Qh1+ 28. Rd1 Qh6 29. Rg1+ Kh8 30. Qf7 1-0

[Event "Pontevedra op 7th"]
[Site "Pontevedra"]
[Date "2019.08.14"]
[Round "9"]
[White "Santos, Ricardo Alexandre L"]
[Black "Mathieu, Phileas"]
[Result "0-1"]
[WhiteElo "2035"]
[BlackElo "2146"]
[PlyCount "104"]
[EventDate "2019.08.08"]
[EventType "swiss"]
[EventRounds "9"]
[EventCountry "ESP"]
[SourceTitle "EXT 2020"]
[Source "ChessBase"]
[SourceDate "2019.10.17"]
[SourceVersion "1"]
[SourceVersionDate "2019.10.17"]
[SourceQuality "1"]

1. e4 c5 2. Nf3 Nc6 3. d4 cxd4 4. Nxd4 Nf6 5. Nc3 d6 6. Bg5 e6 7. Qd2 Be7 8. 0-0-0 a6 9. f4 h6 10. Bxf6 gxf6 11. Bc4 Qc7 12. f5 Nxd4 13. Qxd4 Bd7 14. Bb3 Qc5 15. Na4 Qxd4 16. Rxd4 b5 17. Nb6 Rb8 18. Nxd7 Kxd7 19. Kd2 Rhg8 20. g3 h5 21. Ke2 Rg4 22. Kf3 Rbg8 23. a4 h4 24. axb5 axb5 25. Rd2 hxg3 26. Rg2 Rh4 27. Rxg3 Rxg3+ 28. Kxg3 Rxe4 29. h4 Bf8 30. Rf1 Ke7 31. Rf4 Rxf4 32. Kxf4 Bh6+ 33. Kg4 Bc1 34. c4 bxc4 35. Bxc4 Bxb2 36. h5 Bc1 37. Kf3 d5 38. Ba6 Kd6 39. Bb5 Ke5 40. Bd3 Bh6 41. Bc2 Bg5 42. Bd3 Bc1 43. Bc2 Bh6 44. Bd3 Kd4 45. Bb5 e5 46. Ba6 e4+ 47. Ke2 Ke5 48. Bc8 d4 49. Bd7 d3+ 50. Kd1 Bf4 51. Bc8 Bg5 52. Bd7 e3 0-1

[Event "Pontevedra op 7th"]
[Site "Pontevedra"]
[Date "2019.08.13"]
[Round "8"]
[White "Martins, Bruno Andre Leite"]
[Black "Santos, Ricardo Alexandre L"]
[Result "1-0"]
[WhiteElo "2186"]
[BlackElo "2035"]
[PlyCount "83"]
[EventDate "2019.08.08"]
[EventType "swiss"]
[EventRounds "9"]
[EventCountry "ESP"]
[SourceTitle "EXT 2020"]
[Source "ChessBase"]
[SourceDate "2019.10.17"]
[SourceVersion "1"]
[SourceVersionDate "2019.10.17"]
[SourceQuality "1"]

1. e4 e5 2. Nf3 Nc6 3. Bb5 a6 4. Ba4 Nf6 5. 0-0 Nxe4 6. d4 b5 7. Bb3 d5 8. Nxe5 Nxe5 9. dxe5 Bb7 10. Nd2 Nc5 11. c3 Be7 12. Bc2 0-0 13. Nf3 f6 14. exf6 Bxf6 15. Be3 Ne4 16. Nd4 Qe8 17. Nb3 Rd8 18. Bd4 Qf7 19. f3 Ng5 20. Nc5 Bc8 21. a4 Be7 22. axb5 axb5 23. Ra7 Bd6 24. f4 Ne6 25. Nxe6 Bxe6 26. f5 Bd7 27. b4 Ra8 28. Rxa8 Rxa8 29. Qg4 Rc8 30. Bb3 c6 31. Qg5 Re8 32. f6 g6 33. Bc2 Re2 34. Bd3 Ra2 35. h4 Be8 36. h5 Bb8 37. Re1 Bd6 38. Bf5 Be7 39. hxg6 hxg6 40. Bxg6 Qxg6 41. Qxg6+ Kh8 42. Qg7# 1-0

[Event "Pontevedra op 7th"]
[Site "Pontevedra"]
[Date "2019.08.12"]
[Round "6"]
[White "Bobadilla Viera, Jorge Samuel"]
[Black "Santos, Ricardo Alexandre L"]
[Result "1-0"]
[WhiteElo "2307"]
[BlackElo "2035"]
[PlyCount "107"]
[EventDate "2019.08.08"]
[EventType "swiss"]
[EventRounds "9"]
[EventCountry "ESP"]
[SourceTitle "EXT 2020"]
[Source "ChessBase"]
[SourceDate "2019.10.17"]
[SourceVersion "1"]
[SourceVersionDate "2019.10.17"]
[SourceQuality "1"]

1. Nf3 Nf6 2. g3 g6 3. Bg2 Bg7 4. 0-0 0-0 5. c4 d6 6. d4 Nbd7 7. Nc3 e5 8. Qc2 a5 9. e4 c6 10. h3 Qe7 11. Be3 Ne8 12. Rfe1 Nc7 13. Rad1 Re8 14. b3 Kh8 15. Na4 f6 16. Bc1 Bf8 17. Bb2 Qf7 18. Kh2 Rb8 19. Bc3 b6 20. Nb2 Bb7 21. c5 bxc5 22. dxe5 dxe5 23. Nc4 Nb5 24. Bxa5 Nd4 25. Qd2 Ra8 26. Rc1 Ra6 27. Red1 Rea8 28. Ne1 Bc8 29. Rb1 Nb8 30. a4 Be6 31. Bf1 Nd7 32. Rdc1 R6a7 33. f4 Rb8 34. Qe3 Qg7 35. Bd2 Rab7 36. Rc3 Qf7 37. a5 Ra7 38. Rcc1 Rb5 39. Qc3 Nb8 40. Ng2 Qc7 41. fxe5 fxe5 42. Nxe5 Qxe5 43. Bf4 Qh5 44. g4 Bxg4 45. Bxb5 Bg7 46. Qg3 Nf3+ 47. Kh1 Bxh3 48. Nh4 Bg4 49. Be2 Nd7 50. Rd1 Bf6 51. Bxf3 Bxf3+ 52. Qxf3 Qxh4+ 53. Bh2 Ne5 54. Qf4 1-0

[Event "POR Cup 39th"]
[Site "Portugal"]
[Date "2017.05.27"]
[Round "3.6"]
[White "Santos, Ricardo Alexandre L"]
[Black "Fernandes, Alberto Manuel"]
[Result "1-0"]
[WhiteElo "1899"]
[BlackElo "2112"]
[PlyCount "97"]
[EventDate "2017.03.11"]
[EventType "team-k.o."]
[EventRounds "6"]
[EventCountry "POR"]
[SourceTitle "EXT 2018"]
[Source "ChessBase"]
[SourceDate "2017.10.13"]
[SourceVersion "1"]
[SourceVersionDate "2017.10.13"]
[SourceQuality "1"]
[WhiteTeam "Galitos"]
[BlackTeam "Lisbon EDP"]
[WhiteTeamCountry "POR"]
[BlackTeamCountry "POR"]

1. e4 e5 2. Nf3 Nc6 3. Bb5 a6 4. Ba4 Nf6 5. 0-0 Be7 6. Re1 b5 7. Bb3 d6 8. c3 0-0 9. h3 Na5 10. Bc2 c5 11. d4 Nd7 12. Nbd2 cxd4 13. cxd4 Nc6 14. Nb3 a5 15. Be3 a4 16. Nc1 Nb4 17. Bb1 Nc6 18. Nd3 f5 19. d5 Na5 20. exf5 Nb6 21. Nb4 Nac4 22. Nc6 Qe8 23. Bxb6 Nxb6 24. Nfd4 Nxd5 25. Be4 Nc7 26. Nxe7+ Qxe7 27. Bxa8 Nxa8 28. Nxb5 Bb7 29. Qxd6 Qg5 30. Qe6+ Kh8 31. g4 h5 32. Qg6 Qf4 33. Qxh5+ Kg8 34. Re3 Nb6 35. Nd6 Nd5 36. Rg3 Nf6 37. Qg6 Ne4 38. Qe6+ Kh8 39. Nxe4 Qxe4 40. Kh2 Qe2 41. Qb6 Ba8 42. Rc1 Qe4 43. Qe3 Qd5 44. Qc5 Qf7 45. Re3 Rd8 46. Qxe5 Qb7 47. Qg3 Qxb2 48. Rce1 Bc6 49. Qh4+ 1-0

[Event "Coimbra Queima das Fitas op"]
[Site "Coimbra"]
[Date "2017.04.28"]
[Round "1"]
[White "Santos, Pedro Miguel"]
[Black "Santos, Ricardo Alexandre L"]
[Result "0-1"]
[WhiteElo "1147"]
[BlackElo "1901"]
[PlyCount "61"]
[EventDate "2017.04.28"]
[EventType "swiss"]
[EventRounds "7"]
[EventCountry "POR"]
[SourceTitle "CBM 178 Extra"]
[Source "ChessBase"]
[SourceDate "2017.06.22"]
[SourceVersion "1"]
[SourceVersionDate "2017.06.22"]
[SourceQuality "1"]

1. e4 e5 2. Nf3 Nc6 3. Bb5 a6 4. Ba4 Nf6 5. 0-0 Nxe4 6. Re1 Nc5 7. Bxc6 dxc6 8. Nxe5 Ne6 9. c3 Be7 10. d4 0-0 11. Be3 f6 12. Nf3 Rf7 13. Nbd2 a5 14. a4 b6 15. Nf1 Qd5 16. b3 g5 17. c4 Qf5 18. Ng3 Qg6 19. d5 Nf8 20. dxc6 Bg4 21. h3 Rd8 22. Qe2 Bxf3 23. Qxf3 f5 24. Ne2 Rd3 25. Nd4 f4 26. Qd5 fxe3 27. Rxe3 Rxe3 28. fxe3 Qf6 29. g4 Qf2+ 30. Kh1 Bd6 31. Nf3 0-1

[Event "POR-ch U20"]
[Site "Luso"]
[Date "2017.04.12"]
[Round "7"]
[White "Silva, Mariana Sofia Teixe"]
[Black "Santos, Ricardo Alexandre L"]
[Result "0-1"]
[WhiteElo "1925"]
[BlackElo "1901"]
[PlyCount "96"]
[EventDate "2017.04.08"]
[EventType "swiss"]
[EventRounds "7"]
[EventCountry "POR"]
[SourceTitle "EXT 2018"]
[Source "ChessBase"]
[SourceDate "2017.10.13"]
[SourceVersion "1"]
[SourceVersionDate "2017.10.13"]
[SourceQuality "1"]

1. e4 d6 2. d4 Nf6 3. Nc3 g6 4. Bg5 Bg7 5. Qd2 0-0 6. Bh6 c6 7. h4 Qa5 8. Bxg7 Kxg7 9. h5 Nxh5 10. Be2 Rh8 11. Bxh5 gxh5 12. Nf3 Bg4 13. Ng5 h6 14. Nh3 Nd7 15. f3 Bxh3 16. gxh3 Qg5 17. Qf2 Kh7 18. f4 Qf6 19. 0-0-0 Rhg8 20. Kb1 Rg7 21. f5 e5 22. d5 c5 23. Rhg1 Rag8 24. Ne2 Rxg1 25. Rxg1 Rxg1+ 26. Nxg1 Qg5 27. Ne2 Nf6 28. Nc3 h4 29. a4 Qg3 30. Qf1 a6 31. a5 Nh5 32. Ne2 Qe3 33. Qg2 Ng3 34. Nc3 Qe1+ 35. Ka2 Qh1 36. Qxh1 Nxh1 37. Nd1 h5 38. Kb3 Kh6 39. Kc3 Kg5 40. Kd3 Kf4 41. f6 Kf3 42. Nc3 Nf2+ 43. Kc4 Nxe4 44. Na4 Nxf6 45. Nb6 e4 46. Nc8 Ne8 47. Ne7 e3 48. Nf5 e2 0-1

[Event "POR-ch U20"]
[Site "Luso"]
[Date "2016.07.21"]
[Round "3"]
[White "Santos, Ricardo Alexandre L"]
[Black "Correia, Jorge Paulo Cardoso"]
[Result "1/2-1/2"]
[WhiteElo "1879"]
[BlackElo "1970"]
[PlyCount "37"]
[EventDate "2016.07.20"]
[EventType "swiss"]
[EventRounds "7"]
[EventCountry "POR"]
[SourceTitle "EXT 2018"]
[Source "ChessBase"]
[SourceDate "2017.10.13"]
[SourceVersion "1"]
[SourceVersionDate "2017.10.13"]
[SourceQuality "1"]

1. e4 c5 2. Nf3 Nc6 3. d4 cxd4 4. Nxd4 Nf6 5. Nc3 e6 6. Be3 Bb4 7. Bd3 d5 8. Nxc6 bxc6 9. e5 Nd7 10. Qg4 Qa5 11. 0-0 Bb7 12. Qxg7 0-0-0 13. Qxf7 Rde8 14. a3 Bxc3 15. bxc3 Nxe5 16. Qg7 Qxc3 17. Kh1 Rhg8 18. Qf6 Rgf8 19. Qg7 1/2-1/2

[Event "Gaia Profigaia op 9th"]
[Site "Vila Nova de Gaia"]
[Date "2016.06.25"]
[Round "3"]
[White "Santos, Ricardo Alexandre L"]
[Black "Padeiro, Jose Joao Tato"]
[Result "0-1"]
[WhiteElo "1877"]
[BlackElo "2317"]
[PlyCount "116"]
[EventDate "2016.06.24"]
[EventType "swiss"]
[EventRounds "7"]
[EventCountry "POR"]
[SourceTitle "EXT 2018"]
[Source "ChessBase"]
[SourceDate "2017.10.13"]
[SourceVersion "1"]
[SourceVersionDate "2017.10.13"]
[SourceQuality "1"]

1. e4 c6 2. d4 d5 3. e5 Bf5 4. Nc3 h5 5. Be3 e6 6. Nge2 Nd7 7. Ng3 Bg6 8. h4 Be7 9. Be2 Qb6 10. Rb1 0-0-0 11. Bxh5 Bxh5 12. Nxh5 g6 13. Nf4 Rxh4 14. Rxh4 Bxh4 15. b4 Be7 16. Na4 Qa6 17. Nc5 Bxc5 18. bxc5 Ne7 19. Nd3 Nf5 20. Kf1 f6 21. exf6 Nxe3+ 22. fxe3 Rf8 23. Kg1 Rxf6 24. Qc1 Qa5 25. Qb2 Qc7 26. Ne5 Nxe5 27. dxe5 Rf5 28. Rf1 Rxf1+ 29. Kxf1 Qf7+ 30. Kg1 Qf5 31. Qc3 g5 32. Kh2 Qe4 33. Kg1 Kc7 34. Kh1 Kd7 35. Qb3 Kc8 36. Qc3 Qh7+ 37. Kg1 g4 38. g3 Qe4 39. Qd4 Qf3 40. Qf4 Qd1+ 41. Qf1 Qxf1+ 42. Kxf1 Kd7 43. Ke2 b6 44. cxb6 axb6 45. Kd3 c5 46. c3 Kc7 47. e4 Kc6 48. Ke3 b5 49. Kf4 d4 50. cxd4 cxd4 51. Kxg4 Kc5 52. Kf3 Kc4 53. Ke2 Kc3 54. Kd1 Kd3 55. g4 Kxe4 56. Kd2 Kxe5 57. Kd3 Kd5 58. g5 e5 0-1